000 00735ntm a22002057a 4500
005 20170810123450.0
008 170802s2011 xx a frb 000 0 eng d
040 _aEG-ScBUE
_beng
_cEG-ScBUE
082 0 4 _222
_a624
_bFED
100 1 _aFedawy, Lamia.
245 1 0 _aArchitectural spaces of medical insurance /
_cby Lamia Fedawy.
260 _c2011.
300 _aix, 87 p. :
_bill ;
_c28 cm.
500 _aA thesis submitted to the faculty of engineering, the British university in Egypt, in partial fulfillment of the requirements for the bachelor degree in architectural engineering.
590 _aAishaa.
650 7 _2BUEsh
_aArchitectural Engineering
_vProjects
653 _bENGARC
_cAugust2017
655 _vSPRO
942 _2ddc
999 _c25182
_d25154